| 000 | 00924cam a2200289 a 4500 | ||
|---|---|---|---|
| 001 | 1636234 | ||
| 005 | 20180507095427.0 | ||
| 008 | 961119r19971995miu b 000 0 eng | ||
| 010 | _a 96037764 | ||
| 020 | _a0802841724 | ||
| 040 |
_aDLC _cDLC _dDLC |
||
| 043 | _ae-uk-en | ||
| 100 | 1 | _aFrance, R. T. | |
| 245 | 1 | 0 |
_aWomen in the church's ministry : _ba test-case for biblical interpretation / _cR.T. France. |
| 260 |
_aGrand Rapids, Mich. : _bW.B. Eerdmans, _cc1997. |
||
| 300 |
_a96 p. ; _c22 cm. |
||
| 336 | _atext | ||
| 337 | _aunmediated | ||
| 338 | _avolume | ||
| 500 | _aOriginally published: Carlisle, U.K. : Paternoster Press, 1995. | ||
| 504 | _aIncludes bibliographical references. | ||
| 610 | 2 | 0 |
_aChurch of England _xClergy. |
| 630 | 0 | 0 |
_aBible _xEvidences, authority, etc. |
| 650 | 0 |
_aWomen clergy _xBiblical teaching. |
|
| 650 | 0 |
_aOrdination of women _xChurch of England. |
|
| 942 |
_2lcc _cBK |
||
| 999 |
_c41792 _d41792 |
||